Statistics for Universities with Most Nobel Laureates

Click here to take the quiz!

General Stats

  • This quiz has been taken 98 times
  • The average score is 11 of 20

Answer Stats

#University% Correct
65Oxford
98%
95Cambridge
94%
133Harvard
94%
57Yale
92%
85MIT
78%
64Stanford
70%
41Princeton
67%
98Columbia
65%
91Chicago
55%
91University of California, Berkeley
53%
36New York University
49%
54Cornell
48%
49Paris
48%
36California Institute of Technology
45%
41Berlin
34%
32ETH Zurich
34%
36Munich
28%
36Johns Hopkins University
26%
36Copenhagen
13%
43Göttingen
11%

Score Distribution

Percentile by Number Answered

Percent of People with Each Score

Your Score History

You have not taken this quiz